Представление документа в формате RUSMARC

ПолеНазваниеЗначение
  Тип записи a
  Библиографический уровень m
001 Контрольный номер RU\NLR\BIBL_A\010855697
005 Дата корректировки 20241022093934.6
010 Индекс ISBN __
a ISBN 978-5-389-08426-1
d Цена 360-80
b Уточнения в пер.
9 Тираж 15000 экз.
100 Данные общей обработки __
a Данные общей обработки 19160412d2015 d y0rusy028902 ca
101 Язык документа 1_
a Язык текста rus
c Язык оригинала eng
102 Страна публикации __
a Страна публикации RU
105 Кодированные данные (монография) __
a Кодированные данные (монография) a z 000ay
181 Поле кодированных данных: вид содержания _0
a Код вида содержания (ISBD) i
182 Поле кодированных данных: тип средства _0
a Код типа средства (ISBD) n
200 Заглавие и сведения об ответственности 1_
a Заглавие Квидиш сквозь века
e Сведения, относящиеся к заглавию для среднего школьного возраста
f Первые сведения об ответственности Дж. К. Роулинг ; перевод с английского Марии Спивак
203 Вид содержания и тип средства __
a Вид содержания Текст
c Тип средства непосредственный
210 Выходные данные 1_
a Место издания Москва
c Издательство Махаон
d Дата издания 2015
215 Физическое описание __
a Объем 107, [1] с.
c Иллюстрации/тип воспроизводства ил.
d Формат 22 см
225 Серия 2_
a Серия Библиотека Хогварца
300 Общие примечания __
a Общие примечания На обложке: Библиотека Хогварца. Кеннилуорти Шорх
330 Аннотация __
a Аннотация Перед вами репринтное издание "Квидиш сквозь века". Эта книга пользуется невероятной популярностью в библиотеке Хогварца. Ее с великим тщанием изучали Гермиона Грейнджер, Рон Уизли, Драко Малфой и прочие ученики Школы колдовства и ведьминских искусств. В книге описывается история квиддича, а также ранних игр на основе метлы. Рассмотрена эволюция летательной метлы, появление и развитие квиддича как вида магического спорта, модификации правил на протяжении истории, история появления золотого снитча. Описаны основные правила игры в квиддич, возможные нарушения и наказания, английские и ирландские команды, основные модели гоночных мётел, а также тактические приемы игры. Книга является своеобразной пародией на различные книги об истории реальных видов спорта.
333 Примечание о целевом назначении __
a Примечание о целевом назначении 6+. Для детей старше шести лет
454 Оригинал _0
1 2001
a Quidditch Through The Ages
1 700 1
a Rowling
b J. K.
g Joanne K.
606 Тематические рубрики __
a Основная рубрика Художественная литература
2 Код системы nlr_sh
606 Тематические рубрики __
a Основная рубрика Литература Европы (произведения)
y Географическая подрубрика Англия
y Географическая подрубрика Великобритания
2 Код системы nlr_sh
610 Ключевые слова 0_
a Ключевые слова английская литература
610 Ключевые слова 0_
a Ключевые слова детская литература
610 Ключевые слова 0_
a Ключевые слова зарубежная литература
610 Ключевые слова 0_
a Ключевые слова иностранная литература
610 Ключевые слова 0_
a Ключевые слова квиддич
610 Ключевые слова 0_
a Ключевые слова современная литература
610 Ключевые слова 0_
a Ключевые слова тема волшебства
610 Ключевые слова 0_
a Ключевые слова тема приключений
610 Ключевые слова 0_
a Ключевые слова тема спорта
610 Ключевые слова 0_
a Ключевые слова тема спортивных игр
610 Ключевые слова 0_
a Ключевые слова фэнтези
610 Ключевые слова 0_
a Ключевые слова фэнтези
686 Индексы других классификаций __
2 Код системы rubbks
a Классификационный индекс 84(4Вел)6-445; ст84(4Вел)-445
700 Автор _1
a Фамилия Ролинг
b Имя Дж. К.
f Даты 1965-
g Полное личное имя Джоан Кэтлин
4 Код отношения 070
c Титул (звания) Роулинг, Джоан Кэтлин
702 Вторичная интеллектуальная ответственность _1
a Фамилия Спивак
b Имя М. В.
4 Код отношения 730
g Полное личное имя Мария Викторовна
790 Имя лица - альтернативная форма _1
a Имя лица - альтернативная форма Роулинг
f Даты 1965-
b Имя Д. К.
g Полное личное имя Джоан Кэтлин
4 Код отношения 070
801 Источник записи _0
a Страна RU
b Организация Муниципальное бюджетное учреждение культуры "Централизованная библиотечная система" г. Сургут (Центральная городская библиотека им. А. С. Пушкина)
c Дата составления 20160412
g Правила каталогизации PSBO
801 Источник записи _1
a Страна RU
b Организация Муниципальное бюджетное учреждение культуры "Централизованная библиотечная система" г. Сургут (Центральная городская библиотека им. А. С. Пушкина)
c Дата составления 20160412
g Правила каталогизации PSBO
852 Данные о местонахождении __
j Шифр хранения 84(4Вел)6-445
i Авторский знак Р 67
900 Макрообъекты __
a Макрообъекты Квидиш сквозь века. Роулинг Д. К., 2015
901 Тип документа __
t Тип документа m
a Ответственный КиК/Апакова; ООФиК/Волкова
903 Характеристики (МАРС) __
a Дата передачи 20230228; 20160412
c Наименование библиотеки (МАРС) Муниципальное бюджетное учреждение культуры "Централизованная библиотечная система" г. Сургут (Центральная городская библиотека им. А. С. Пушкина)
969 Тип издания __
a Тип издания издание для детей
990 Данные о заказе (DOS) __
j Количество экземпляров (DOS) 1; 13
t N записи в КСУ для И/У (DOS) 202304; 201604